000
00329nam a2200121Ia 4500
008
190722s9999 xx 000 0 und d
020
_a
978-93-392-0472-3
100
_a
Subramanyam, Wild
245
0
_a
Financial Statement Analysis
260
_a
New Delhi
_b
McGraw Hill Education (India) Pvt. Ltd.
_c
2014
300
_a
685
942
_c
BK
999
_c
612
_d
612